00723cam a22003014i 4500003000900000005001700009008004100026035001900067040003300086082002000119100002900139245008300168264000500251336002100256337002500277338002300302526001000325526001000335526001000345526001000355526000800365526000800373526000800381526000800389526000800397526000800405526000800413PE-LiUPU20250731173219.0150625s r 000 0 d a(Sirsi) a33368 aPE-LiUPUbspacPE-LiUPUerda04a296.09bV372211 aVaux, Roland de,eautor.10aHistoria Antigua de Israel :bdesde los orígenes a la entrada en Canaan.n1. 1a atext2rdacontent aunmediated2rdamedia avolume2rdacarrier aSEG42 aSEG41 aSEG40 aSEG39 aP94 aP87 aP86 aP85 aP77 aP76 aP35